| 000 | 01171nam a2200361 a 4500 | ||
|---|---|---|---|
| 003 | AR-BaBNM | ||
| 005 | 20251128204911.0 | ||
| 008 | 082120s2002 ||||||||||||||000 | spa|| | ||
| 020 | _a84-277-0710-X | ||
| 040 | _cAR-BaBNM | ||
| 100 | 1 | _aMarco Stiefel, Berta | |
| 245 | 0 | 0 | _aLa perspectiva histórica en el aprendizaje de las ciencias |
| 260 |
_aMadrid _bNarcea _c1986 |
||
| 300 |
_a46 p. _bdiagr. |
||
| 490 | 0 |
_aApuntes I.E.P.S. _vv. 41 |
|
| 500 | _aI.E.P.S.: Instituto de Estudios Pedagógicos Somosaguas | ||
| 504 | _aBibliografía: p. 45-46 | ||
| 650 | 4 | _aENSEÑANZA DE LA CIENCIA | |
| 650 | 4 | _aHISTORIA DE LAS CIENCIAS | |
| 650 | 4 | _aENSEÑANZA DE LA FISICA | |
| 650 | 4 | _aAPRENDIZAJE MEDIANTE EL DESCUBRIMIENTO | |
| 650 | 4 | _aAPRENDIZAJE MEDIANTE LA PRACTICA | |
| 650 | 4 | _aROL DEL DOCENTE | |
| 650 | 4 | _aTECNICAS DIDACTICAS | |
| 651 | 4 | _aEspaña | |
| 653 | _aEDUCACION SECUNDARIA | ||
| 653 | _aPROCESO DE ENSEÑANZA-APRENDIZAJE | ||
| 700 | 1 | _aGonzález Villa, Aurora | |
| 700 | 1 | _aSimo Torices, Amparo | |
| 810 | 2 |
_aInstituto de estudios pedagógicos Somosaguas _bDepartamento de ciencias de la naturaleza |
|
| 942 | _cBK | ||
| 998 | _cSILVI | ||
| 999 |
_c9261 _d9261 |
||